00816 2200277 4500001002100000005001700021008004100038020002200079035002400101040001200125082001200137090001900149100001900168245011200187260002700299300002700326650004200353700002300395850001200418990001800430990001800448990001800466990001800484990001800502990001800520YOGYA-0209000007277520090227093644.0 ind  a978-979-29-0294-5 0010-020900000072775 aYOPDYOG a420.076 a420.076bDan L aDANARTI, Dessy a50 Games for funbbelajar bahasa inggris dengan lebih menyenangkancDessy Danarti;editoor Th.Arie Prabawati aYogyakartabANDIc2008 ax,110 hlmbilusc21 cm aBahasa Inggris - Studi dan pengajaran aPrabawati, Th.Arie aYOPDYOG a51-PD/P.08b1 a50-PD/P.08b1 a49-PD/P.08b1 a48-PD/P.08b1 a47-PD/P.08b1 a46-PD/P.08b1